000 00782nam a2200205Ii 4500
003 JO-AjNU
008 230605s9999||||xx |||||||||||||| ||und||
040 _aJO-AjNU
_bara
_erda
_cJO-AjNU
041 _aara
050 1 4 _aT58.5.Q25 2009
100 3 _aقنديلجي، عامر ابراهيم ؛ م.مشارك: ايمان فاضل السامرائي,
_eauthor
_928812
245 0 0 _aتكنولوجيا المعلومات وتطبيقاتها= Information Technology and Its Application
250 _aط1
264 3 1 _aعمان:مؤسسة الوراق للنشر والتوزيع،2009
300 _a555ص
336 _atext
_btxt
_2rdacontent
337 _aunmediated
_bn
_2rdamedia
338 _avolume
_bnc
_2rdacarrier
650 4 _aتكنولوجيا المعلومات
_928813
999 _aA11221
_c14789
_d14789